| 000 | 00750nam a2200229Ia 4500 | ||
|---|---|---|---|
| 003 | GCL | ||
| 008 | 140319s9999 xx 000 0 ara d | ||
| 020 | _a8725040977 | ||
| 040 |
_aGCL / _cGCL |
||
| 082 | 0 | 4 |
_a322.2 _bط أ |
| 100 | 1 | _aطه سعد عثمان | |
| 245 | 1 | 0 |
_aالاضرابات فى مصر زمن الاربعينات / _cطه سعد عثمان |
| 250 | _aالاولى | ||
| 260 |
_aالقاهرة : _bالعربى للنشر والتوزيع ، _c1998 |
||
| 300 |
_a169 ص ؛ _c23 سم |
||
| 650 | 0 | 4 | _aالتخريب والتدمير |
| 650 | 0 | 4 | _aالتجمهر |
| 650 | 0 | 4 | _aالاضرابات العمالية - مصر |
| 650 | 0 | 4 | _aالمظاهرات - مصر |
| 650 | 0 | 4 | _aالاضرابات - مصر |
| 942 |
_2ddc _cBK |
||
| 999 |
_c4937 _d4937 |
||